000 00607cam a22002053a 4500
001 40176
003 PGUSA
005 20140828083909.0
008 120709s2012||||xxu|||||s|||||000 | eng d
040 _aPGUSA
_beng
042 _adc
100 1 _aRichards, Laura Elizabeth Howe,
_d1850-1943
245 1 0 _aPippin; A Wandering Flame
_h[electronic resource] /
_cLaura Elizabeth Howe Richards
260 _bProject Gutenberg,
_c2012
506 _aPublic domain in the USA.
516 _aElectronic text
830 0 _aProject Gutenberg
_v40176
856 4 0 _uhttp://www.gutenberg.org/ebooks/40176
942 _cEB
999 _c269429
_d269429